Manažerské účetnictví a krátkodobé rozhodování. 1
Charakteristika informácií manažérskeho účtovníctva pre rozhodovanie: diferenčné náklady a výnosy, relevantné náklady a výnosy v krátkodobom rozhodovaní. Analýza vzťahu medzi nákladmi, objemom a ziskom (graf priebehu celkových nákladov a výnosov a graf priebehu príspevku na úhradu).
Gespeichert in:
| 1. Verfasser: | |
|---|---|
| Format: | Buchkapitel |
| Sprache: | Tschechisch |
| Schlagworte: | |
| Tags: |
Keine Tags, Fügen Sie das erste Tag hinzu!
|
MARC
| LEADER | 00000naa a2200000 4500 | ||
|---|---|---|---|
| 001 | r017252 | ||
| 005 | 20221205103213.5 | ||
| 041 | 0 | |a cze | |
| 044 | |a CZ | ||
| 245 | 1 | 0 | |a Manažerské účetnictví a krátkodobé rozhodování. 1 |c J. Janout |
| 520 | |a Charakteristika informácií manažérskeho účtovníctva pre rozhodovanie: diferenčné náklady a výnosy, relevantné náklady a výnosy v krátkodobom rozhodovaní. Analýza vzťahu medzi nákladmi, objemom a ziskom (graf priebehu celkových nákladov a výnosov a graf priebehu príspevku na úhradu). | ||
| 610 | 2 | 0 | |a účtovníctvo |
| 610 | 2 | 0 | |a manažment |
| 610 | 2 | 0 | |a informácie hospodárske |
| 610 | 2 | 0 | |a rozhodovanie podnikové |
| 610 | 2 | 0 | |a účtovníctvo vnútropodnikové |
| 610 | 2 | 0 | |a náklady |
| 610 | 2 | 0 | |a analýza nákladov a výnosov |
| 100 | 1 | |a Janout, J. | |